[Event "Bosnjaci op 28th"]
[Site "Bosnjaci"]
[Date "2024.01.06"]
[Round "5"]
[White "Sekelja, Marko"]
[Black "Markovic, Franjo Josip"]
[Result "0-1"]
[WhiteElo "2036"]
[BlackElo "2194"]
[PlyCount "80"]
[EventDate "2024.01.03"]
[EventType "swiss"]
[EventRounds "9"]
[EventCountry "CRO"]
[SourceTitle "CBM 218 Extra"]
[Source "ChessBase"]
[SourceDate "2024.03.31"]
[SourceVersion "1"]
[SourceVersionDate "2024.03.31"]
[SourceQuality "1"]

1. e4 c6 2. d4 d5 3. e5 c5 4. c3 Nc6 5. Bb5 Qb6 6. Bxc6+ bxc6 7. Ne2 e6 8. 0-0 Ba6 9. dxc5 Bxc5 10. b4 Be7 11. Be3 Qc7 12. Bd4 Nh6 13. Nd2 Nf5 14. Re1 Bxe2 15. Rxe2 Bxb4 16. Nb3 Be7 17. g4 Nh4 18. f4 h5 19. h3 c5 20. Bf2 hxg4 21. hxg4 Qc6 22. Bxh4 Rxh4 23. Rg2 Qa4 24. Qd2 0-0-0 25. Kf2 g5 26. fxg5 Rxg4 27. Rag1 Rxg2+ 28. Rxg2 Rh8 29. Qe2 Qf4+ 30. Kg1 c4 31. Qd2 Qxd2 32. Nxd2 Rh3 33. g6 fxg6 34. Rxg6 Rd3 35. Nf1 Rxc3 36. Rxe6 Kd7 37. Ra6 Bc5+ 38. Kg2 Ra3 39. Rxa3 Bxa3 40. Kf2 Ke6 0-1

[Event "EU-ch 23rd"]
[Site "Vrnjacka Banja"]
[Date "2023.03.08"]
[Round "6"]
[White "Sekelja, Marko"]
[Black "Kovac, Mihael"]
[Result "1-0"]
[WhiteElo "2089"]
[BlackElo "1784"]
[PlyCount "67"]
[EventDate "2023.03.03"]
[EventType "swiss"]
[EventRounds "11"]
[EventCountry "SRB"]
[SourceTitle "CBM 213"]
[Source "ChessBase"]
[SourceDate "2023.04.30"]
[SourceVersion "1"]
[SourceVersionDate "2023.04.30"]
[SourceQuality "1"]

1. e4 c5 2. c3 e6 3. d4 d5 4. e5 Nc6 5. Nf3 Nge7 6. a3 a5 7. Bd3 b6 8. 0-0 Ba6 9. Bxa6 Rxa6 10. Be3 Nf5 11. Qe2 Ra8 12. Nbd2 Nxe3 13. fxe3 Be7 14. a4 0-0 15. Nb1 f6 16. exf6 Bxf6 17. Na3 e5 18. Nb5 e4 19. Nd2 Qe7 20. c4 cxd4 21. cxd5 d3 22. Qg4 Nb4 23. d6 Qe5 24. Nc4 Qg5 25. Qe6+ Kh8 26. Nc7 Rac8 27. Qxe4 Nc2 28. Rad1 Qg6 29. Qxg6 hxg6 30. Rxd3 Nb4 31. Rd2 Rg8 32. Nxb6 Bg5 33. Ne6 Bf6 34. b3 1-0

[Event "CRO-chT1B 30th"]
[Site "Porec"]
[Date "2022.09.24"]
[Round "1.45"]
[White "Novak, Ivan2"]
[Black "Sekelja, Marko"]
[Result "1-0"]
[WhiteElo "2247"]
[BlackElo "2088"]
[PlyCount "73"]
[EventDate "2022.09.24"]
[EventType "team-tourn"]
[EventRounds "9"]
[EventCountry "CRO"]
[SourceTitle "CBM 210 Extra"]
[Source "ChessBase"]
[SourceDate "2022.11.30"]
[SourceVersion "1"]
[SourceVersionDate "2022.11.30"]
[SourceQuality "1"]
[WhiteTeam "Mihovljan Sloboda"]
[BlackTeam "Split Brda"]
[WhiteTeamCountry "CRO"]
[BlackTeamCountry "CRO"]

1. d4 d5 2. Nf3 Nf6 3. Bg5 e6 4. Nbd2 Be7 5. e3 Nbd7 6. Bd3 0-0 7. 0-0 b6 8. c3 Bb7 9. Qc2 c5 10. Bxf6 Nxf6 11. Ne5 h6 12. f4 Bd6 13. Rae1 Nd7 14. Qa4 Nf6 15. Bb1 Qc7 16. Qd1 Ne4 17. Bxe4 dxe4 18. Rf2 f5 19. Ndc4 Rad8 20. Nxd6 Rxd6 21. Rd2 cxd4 22. cxd4 Rc8 23. Qh5 Qe7 24. g4 fxg4 25. Rg2 Qe8 26. Qxg4 Rc7 27. Kh1 Rd8 28. Reg1 Rdc8 29. Qh4 Kh7 30. Rg6 Bd5 31. Qg4 Qf8 32. a3 a6 33. Qh5 Rc1 34. Rxh6+ gxh6 35. Qg6+ Kh8 36. Nf7+ Qxf7 37. Qxh6+ 1-0

[Event "Solta op 5th"]
[Site "Grohote"]
[Date "2022.07.07"]
[Round "6"]
[White "Sekelja, Marko"]
[Black "Martic, Filip"]
[Result "1/2-1/2"]
[WhiteElo "2118"]
[BlackElo "1859"]
[PlyCount "54"]
[EventDate "2022.07.02"]
[EventType "swiss"]
[EventRounds "9"]
[EventCountry "CRO"]
[SourceTitle "EXT 2023"]
[Source "ChessBase"]
[SourceDate "2022.10.05"]
[SourceVersion "1"]
[SourceVersionDate "2022.10.05"]
[SourceQuality "1"]

1. e4 c5 2. c4 g6 3. Ne2 Nc6 4. d4 cxd4 5. Nxd4 Nf6 6. Nc3 d6 7. Be2 Bg7 8. Be3 0-0 9. 0-0 Nxd4 10. Bxd4 a5 11. b3 Bd7 12. Rb1 Bc6 13. f3 Nd7 14. Nd5 Bxd5 15. cxd5 Bxd4+ 16. Qxd4 Qb6 17. Qxb6 Nxb6 18. Rfc1 Rfc8 19. Kf2 Kg7 20. Ke3 Kf6 21. Kd4 e5+ 22. dxe6 fxe6 23. f4 e5+ 24. fxe5+ dxe5+ 25. Ke3 Rxc1 26. Rxc1 Rc8 27. Rxc8 Nxc8 1/2-1/2

[Event "Solta op 4th"]
[Site "Grohote"]
[Date "2021.08.10"]
[Round "4"]
[White "Sekelja, Marko"]
[Black "Suta, Andraz"]
[Result "1-0"]
[WhiteElo "2080"]
[BlackElo "2255"]
[PlyCount "85"]
[EventDate "2021.08.08"]
[EventType "swiss"]
[EventRounds "9"]
[EventCountry "CRO"]
[SourceTitle "CBM 203 Extra"]
[Source "ChessBase"]
[SourceDate "2021.09.30"]
[SourceVersion "1"]
[SourceVersionDate "2021.09.30"]
[SourceQuality "1"]

1. e4 e5 2. d4 exd4 3. Qxd4 Nc6 4. Qe3 Nf6 5. Bd2 Bb4 6. a3 Bxd2+ 7. Nxd2 0-0 8. 0-0-0 Re8 9. f4 d6 10. Ngf3 Nd5 11. Qf2 Nxf4 12. g3 Ng6 13. Be2 Bg4 14. h3 Bxf3 15. Bxf3 Nge5 16. Be2 a6 17. g4 b5 18. h4 b4 19. a4 b3 20. cxb3 Na5 21. Kb1 Rb8 22. Rh3 Qd7 23. Rg3 Rb4 24. Rc1 Reb8 25. Rcc3 c5 26. Bxa6 c4 27. Bb5 Qb7 28. Qd4 Nxb3 29. Nxb3 Rxb5 30. axb5 Qxb5 31. Qxd6 cxb3 32. Rxb3 Qf1+ 33. Ka2 Ra8+ 34. Ra3 Rxa3+ 35. Rxa3 Qc4+ 36. Rb3 Qa4+ 37. Qa3 Qe8 38. Qd6 Qa4+ 39. Qa3 Qe8 40. Qa7 Nc6 41. Qa4 h6 42. Rc3 Qe6+ 43. Qc4 1-0

[Event "EU-ch 20th"]
[Site "Skopje"]
[Date "2019.03.27"]
[Round "9"]
[White "Sekelja, Marko"]
[Black "Vetokhin, Savva"]
[Result "1/2-1/2"]
[WhiteElo "2120"]
[BlackElo "2022"]
[PlyCount "142"]
[EventDate "2019.03.18"]
[EventType "swiss"]
[EventRounds "11"]
[EventCountry "MKD"]
[SourceTitle "CBM 189"]
[Source "ChessBase"]
[SourceDate "2019.04.29"]
[SourceVersion "1"]
[SourceVersionDate "2019.04.29"]
[SourceQuality "1"]

1. e4 e6 2. d4 d5 3. Nc3 Bb4 4. Bd3 dxe4 5. Bxe4 Nf6 6. Bf3 0-0 7. Nge2 Nbd7 8. 0-0 Nb6 9. Bg5 Be7 10. Re1 c6 11. Qd3 Nbd5 12. Rad1 b6 13. Nb1 h6 14. Bd2 Bb7 15. c4 Nc7 16. Bc3 Qc8 17. Qe3 Re8 18. Qf4 Qd7 19. Nd2 Rad8 20. Qg3 Qc8 21. Ne4 Nxe4 22. Bxe4 Bd6 23. Qf3 Qa8 24. g4 Be7 25. Nf4 b5 26. b3 bxc4 27. bxc4 Na6 28. Rb1 Rc8 29. Bd3 Bg5 30. Nh3 Bf6 31. Qe4 Rb8 32. Qh7+ Kf8 33. Nf4 Ke7 34. Nh5 Rh8 35. Qe4 c5 36. Rxb7+ Qxb7 37. Nxf6 Qxe4 38. Nxe4 cxd4 39. Ba5 Nb4 40. Bxb4+ Rxb4 41. Nc5 Rb2 42. Re2 Rxe2 43. Bxe2 Kd6 44. Nb3 e5 45. Kg2 g6 46. Bd3 Rf8 47. f3 f5 48. h3 h5 49. Kg3 hxg4 50. hxg4 Ke6 51. Nc5+ Kd6 52. Nb3 Ke7 53. c5 Kd7 54. Kh4 Kc6 55. gxf5 gxf5 56. Kg5 Kd5 57. Bxf5 d3 58. Be4+ Kc4 59. c6 Kb5 60. Kg6 Kb6 61. Kg7 Rf4 62. Nd2 Kc7 63. a4 Rh4 64. Kf6 Rh2 65. Nc4 d2 66. Nxd2 Rxd2 67. Kxe5 Ra2 68. f4 Rxa4 69. Bd5 Rb4 70. f5 a5 71. f6 Rb8 1/2-1/2

[Event "EU-ch 20th"]
[Site "Skopje"]
[Date "2019.03.18"]
[Round "1"]
[White "Sekelja, Marko"]
[Black "Arizmendi Martinez, Julen Luis"]
[Result "0-1"]
[WhiteElo "2120"]
[BlackElo "2506"]
[PlyCount "47"]
[EventDate "2019.03.18"]
[EventType "swiss"]
[EventRounds "11"]
[EventCountry "MKD"]
[SourceTitle "CBM 189"]
[Source "ChessBase"]
[SourceDate "2019.04.29"]
[SourceVersion "1"]
[SourceVersionDate "2019.04.29"]
[SourceQuality "1"]

1. e4 e6 2. d4 d5 3. e5 c5 4. c3 Qb6 5. Nf3 Nc6 6. a3 c4 7. g3 f6 8. exf6 Nxf6 9. Bh3 Bd6 10. 0-0 0-0 11. Qe2 Kh8 12. Kg2 Qc7 13. Re1 e5 14. dxe5 Bxh3+ 15. Kxh3 Bxe5 16. Nxe5 Qc8+ 17. Kg2 Nxe5 18. Be3 Ne4 19. Nd2 Nxd2 20. Bxd2 Nf3 21. Red1 Qg4 22. Qf1 Qe4 23. Kh3 g5 24. g4 0-1

[Event "CRO-chT3 South"]
[Site "Dubrovnik"]
[Date "2013.10.12"]
[Round "5.2"]
[White "Bajkusa, Marijan"]
[Black "Sekelja, Marko"]
[Result "0-1"]
[WhiteElo "2067"]
[BlackElo "2015"]
[PlyCount "120"]
[EventDate "2013.04.27"]
[EventType "team-tourn"]
[EventRounds "7"]
[EventCountry "CRO"]
[SourceTitle "EXT 2014"]
[Source "ChessBase"]
[SourceDate "2013.11.20"]
[SourceVersion "1"]
[SourceVersionDate "2013.11.20"]
[SourceQuality "1"]
[WhiteTeam "Stobrec"]
[BlackTeam "Split Brda II"]
[WhiteTeamCountry "CRO"]
[BlackTeamCountry "CRO"]

1. e4 c6 2. d4 d5 3. f3 Nf6 4. Nc3 dxe4 5. fxe4 e5 6. Nge2 Bb4 7. Qd3 exd4 8. Nxd4 Qa5 9. Be2 0-0 10. Nb3 Qe5 11. Bd2 b6 12. 0-0 Ba6 13. Qe3 Bxc3 14. Bxc3 Qxe4 15. Qg3 Bxe2 16. Rxf6 Qg4 17. Qxg4 Bxg4 18. Rd6 c5 19. Re1 Na6 20. a3 Nc7 21. Re7 Rfc8 22. Bd2 Nb5 23. Rd5 Be6 24. Re5 Kf8 25. R7xe6 fxe6 26. Rxe6 c4 27. Bb4+ Kg8 28. Nd2 Nd4 29. Re4 Nxc2 30. Bc3 b5 31. Re7 g6 32. Ne4 Rd8 33. Ng5 Nd4 34. Nxh7 Ne2+ 35. Rxe2 Rd1+ 36. Kf2 Kxh7 37. Re7+ Kh6 38. Bg7+ Kh5 39. Re5+ Kg4 40. h3+ Kh4 41. Re4+ Kh5 42. Re5+ g5 43. Bf6 Rf8 44. Ke2 Rb1 45. Re6 Rxf6 46. Rxf6 Rxb2+ 47. Kf3 Rb3+ 48. Kf2 g4 49. Rf5+ Kg6 50. hxg4 a6 51. a4 b4 52. Rc5 c3 53. Ke2 Ra3 54. Rc6+ Kg5 55. Rxa6 c2 56. Kd2 b3 57. Rc6 Ra1 58. Rc5+ Kxg4 59. Rc4+ Kg3 60. Rc3+ Kxg2 0-1

[Event "CRO-chT3 South"]
[Site "Dubrovnik"]
[Date "2013.05.11"]
[Round "3.3"]
[White "Sekelja, Marko"]
[Black "Tomas, Ante"]
[Result "1-0"]
[WhiteElo "2015"]
[BlackElo "1891"]
[PlyCount "60"]
[EventDate "2013.04.27"]
[EventType "team-tourn"]
[EventRounds "7"]
[EventCountry "CRO"]
[SourceTitle "EXT 2014"]
[Source "ChessBase"]
[SourceDate "2013.11.20"]
[SourceVersion "1"]
[SourceVersionDate "2013.11.20"]
[SourceQuality "1"]
[WhiteTeam "Split Brda II"]
[BlackTeam "Split Bacvice"]
[WhiteTeamCountry "CRO"]
[BlackTeamCountry "CRO"]

1. e4 c5 2. c3 Nf6 3. e5 Nd5 4. d4 cxd4 5. cxd4 d6 6. Nf3 Nc6 7. Nc3 Nxc3 8. bxc3 Bg4 9. Be2 Bxf3 10. Bxf3 dxe5 11. Qa4 Qd7 12. 0-0 exd4 13. Bf4 e6 14. Rab1 Rc8 15. cxd4 Be7 16. Rfd1 g5 17. d5 Ne5 18. Qxd7+ Nxd7 19. dxe6 fxe6 20. Bxb7 Rc2 21. Be3 Nc5 22. Be4 Nxe4 23. Rb8+ Kf7 24. Rxh8 Nc3 25. Rd7 Rxa2 26. g3 g4 27. Rxh7+ Kg6 28. Rdxe7 Ra1+ 29. Kg2 Ne2 30. f3 Ra2 1-0